000 00721nam a22002537a 4500
003 LK-CoDNM
005 20241003104817.0
008 241003b |||||||| |||| 00| 0 eng d
040 _aLK-CoDNM
_dLK-CoDNM
_eLK-CoDNM
041 _aeng
080 _a104
_bNN47
100 _aChanda, Ramprasad.
245 _aMemories of the Archaeological survey of India
250 _aThe Indus valley in the Vedic period
260 _aCalcutta
_bGovernment printer
_c1926
300 _b16p. ; 30 cm
500 _aNo.31
650 _aMemories of the Archaeological survey of India
650 _aThe Indus valley in the Vedic period
650 _aChanda, Ramprasad.
650 _aNo.31
650 _a104 NN47
942 _cBK
999 _c217476
_d217476